00451nam a22001097a 4500008004100000040005500041080001700096245010800113260008500221300001400306650002100320230410b |||||||| |||| 00| 0 eng d aNational Science LibrarycNational Science Library a338(100)bK1 aWorld economic survey 1960c/ United Nations, Department of Economic and Social Affairs, New York, 1961 aNew York: bUnited Nations, Department of Economic and Social Affairs, c1961237 axi, 237p. aEconomic history